[Event "COL-chT Interligas"]
[Site "Palmira"]
[Date "2019.04.27"]
[Round "1.1"]
[White "Morales, Jhon Alexander"]
[Black "Delgado, Gilbert Joaquin"]
[Result "1-0"]
[WhiteElo "2402"]
[BlackElo "1954"]
[PlyCount "49"]
[EventDate "2019.04.27"]
[EventType "team-swiss"]
[EventRounds "6"]
[EventCountry "COL"]
[SourceTitle "CBM 190 Extra"]
[Source "ChessBase"]
[SourceDate "2019.07.15"]
[SourceVersion "1"]
[SourceVersionDate "2019.07.15"]
[SourceQuality "1"]
[WhiteTeam "Valle"]
[BlackTeam "Santander UIS"]
[WhiteTeamCountry "COL"]
[BlackTeamCountry "COL"]

1. c4 Nf6 2. Nc3 e6 3. d4 d5 4. Nf3 c5 5. cxd5 Nxd5 6. e4 cxd4 7. Qxd4 Nc6 8. Bb5 Nxc3 9. Qxc3 Bd7 10. 0-0 Qb6 11. Ba4 Qb4 12. Qc2 b5 13. Bb3 Rc8 14. Qe2 Nd4 15. Nxd4 Qxd4 16. Bf4 Bc6 17. Rac1 Bb4 18. Rxc6 Rxc6 19. Qxb5 Qxe4 20. Qb8+ Ke7 21. Bg5+ f6 22. Qxh8 fxg5 23. Qxg7+ Kd6 24. Rd1+ Kc5 25. Qxa7+ 1-0

[Event "COL pre olympic sf3"]
[Site "Dosquebradas"]
[Date "2018.06.02"]
[Round "6"]
[White "Gallego, Julian Andres"]
[Black "Morales, Jhon Alexander"]
[Result "1-0"]
[WhiteElo "2083"]
[BlackElo "2362"]
[PlyCount "145"]
[EventDate "2018.05.30"]
[EventType "swiss"]
[EventRounds "10"]
[EventCountry "COL"]
[SourceTitle "CBM 184 Extra"]
[Source "ChessBase"]
[SourceDate "2018.06.28"]
[SourceVersion "1"]
[SourceVersionDate "2018.06.28"]
[SourceQuality "1"]

1. d4 d6 2. Nf3 Bg4 3. e3 Nf6 4. h3 Bh5 5. Be2 e6 6. b3 d5 7. Bb2 Nbd7 8. Nbd2 c5 9. c4 Be7 10. 0-0 0-0 11. Ne5 Bxe2 12. Qxe2 cxd4 13. exd4 dxc4 14. bxc4 Nxe5 15. Qxe5 Rc8 16. Bc3 Qc7 17. Rab1 b6 18. Qe2 Rfd8 19. Rfe1 Bf8 20. Rb3 Ne8 21. Qg4 Nd6 22. d5 exd5 23. cxd5 Qd7 24. Qg3 Re8 25. Rxe8 Rxe8 26. Qd3 Qf5 27. Qxf5 Nxf5 28. g4 Nd6 29. Kf1 f6 30. Bb4 Kf7 31. a4 Nb7 32. Bxf8 Kxf8 33. Rc3 Re7 34. Rc8+ Kf7 35. Nc4 Rd7 36. Ke2 Kg6 37. a5 Nxa5 38. Nxa5 bxa5 39. Rc5 a4 40. Ra5 Kg5 41. d6+ Kf4 42. Rxa4+ Ke5 43. Ra6 Kd4 44. Kf3 Kd5 45. Kf4 Kd4 46. Kf3 Ke5 47. Ke3 g6 48. h4 Kd5 49. Kf4 Rb7 50. Kf3 Ke5 51. Rc6 Rd7 52. Ra6 f5 53. g5 Rb7 54. Kg3 Rf7 55. h5 Rb7 56. hxg6 hxg6 57. d7 Rxd7 58. Rxg6 Rd3+ 59. f3 f4+ 60. Kg4 Rd1 61. Ra6 Rg1+ 62. Kh5 Rh1+ 63. Kg6 Rf1 64. Ra3 Re1 65. Ra5+ Ke6 66. Ra6+ Ke5 67. Kf7 Rb1 68. Rxa7 Rb6 69. g6 Rf6+ 70. Kg7 Rc6 71. Kh7 Rc3 72. Ra5+ Kf6 73. Ra6+ 1-0